|
|
|
|
| LEADER |
01066nam a22003018a 4500 |
| 001 |
41110 |
| 003 |
BD-DhAAL |
| 005 |
20230515165025.0 |
| 008 |
230411t1999 nyu b 000 0 eng d |
| 010 |
|
|
|a 99014468
|
| 020 |
|
|
|a 0415923840 (pbk.)
|
| 040 |
|
|
|a DLC
|c DLC
|d DLC
|d BD-DhAAL
|
| 042 |
|
|
|a pcc
|
| 082 |
0 |
0 |
|a 194
|
| 100 |
1 |
|
|a Johnson, Christopher,
|d 1958-
|9 54037
|
| 245 |
1 |
0 |
|a Derrida /
|c Christopher Johnson.
|
| 260 |
|
|
|a New York :
|b Routledge,
|c 1999.
|
| 300 |
|
|
|a 59 pages ;
|c 18 cm.
|
| 490 |
1 |
|
|a The great philosophers ;
|v 9
|
| 504 |
|
|
|a Includes bibliographical references.
|
| 541 |
|
|
|a Donated By Akbar Ali Khan
|e 41110
|
| 600 |
1 |
0 |
|a Derrida, Jacques
|9 54038
|
| 650 |
|
|
|a Philosophy.
|
| 830 |
|
0 |
|a Great philosophers (Routledge (Firm)) ;
|v 9.
|9 54039
|
| 852 |
|
|
|a Ayesha Abed Library
|c Akbar Ali Khan Collection
|
| 942 |
|
|
|2 ddc
|c BK
|
| 999 |
|
|
|c 45665
|d 45665
|
| 952 |
|
|
|0 0
|1 0
|2 ddc
|4 0
|6 194_000000000000000_JOH
|7 1
|9 73535
|a BRACUL
|b BRACUL
|c AAKC
|d 2023-04-11
|e Donated By Akbar Ali Khan
|g 636.00
|l 0
|o 194 JOH
|p 3010041110
|r 2023-04-11
|t 1
|w 2023-04-11
|y BK
|x USD 6.00
|